| 000 | 00819nam a2200229 i 4500 | ||
|---|---|---|---|
| 001 | bg | ||
| 245 | 0 | 0 |
_aKatalog norm pracy. _nT.1, _pRoboty ziemne i transportowe. _nCz.2, _pRoboty transportowe / _cInstytut Gospodarki Mieszkaniowej, oprac. Ośrodek Norm i Cen Kosztorysowych Budownictwa. |
| 260 |
_aWarszawa ; _aOlsztyn : _bIGM, _c1997. |
||
| 300 |
_a194 s. ; _c24 cm. |
||
| 650 | 9 |
_aBudownictwo _xnormalizacja |
|
| 650 | 9 | _aNormowanie pracy | |
| 650 | 9 | _aTransport wewnętrzny | |
| 650 | 9 |
_aŁadunki _xtransport |
|
| 710 | 0 | _aInstytut Gospodarki Mieszkaniowej | |
| 710 | 0 | _aOśrodek Norm i Cen Kosztorysowych Budownictwa | |
| 040 | _cBPK | ||
| 041 | 0 | _apl | |
| 080 | _a69.001.3:65.015 | ||
| 942 | _cKA | ||
| 008 | s pl f |000 0 pol | ||
| 999 |
_c24311 _d24311 |
||
| 856 |
_uhttp://koha.tu.koszalin.pl/cgi-bin/koha/opac-detail.pl?biblionumber=24311 _yKatalog online BPK |
||